000 00509nam a2200169Ia 4500
005 20250508161749.0
008 008 250505s9999 xx 000 0 eng d
037 _aTextual
040 _aFEDL
_beng
_cFEDL
041 _aeng
_2eng
084 _a378.954, IND
_qFEDL
245 0 _aEducation in universities in India 1965-66: A statistical survey
260 _aDelhi, India
_bConcept Publishing Company
_c1973
300 _av,458p.
942 _cTEXL
_h378.954, IND
999 _c1372023
_d1372023